| 000 | 00515nam a2200193Ia 4500 | ||
|---|---|---|---|
| 003 | OSt | ||
| 005 | 20260623123427.0 | ||
| 008 | 210210b1995 xxu||||| |||| 00| 0 eng d | ||
| 040 | _cAL | ||
| 041 | _aKonkani | ||
| 082 | _a891.461 AYAY | ||
| 100 |
_aAYANSI PALADKA. _dಅಯಾನ್ಸಿ ಪಾಲಡ್ಕ _9265937 |
||
| 245 |
_aYego baye. _bಯೆಗೊ ಬಾಯೆ |
||
| 260 |
_aManglur _bRakno Prakashan. _c1995 |
||
| 300 | _a72 | ||
| 690 |
_aKonkani Poetry _9265938 |
||
| 906 | _a059645 | ||
| 942 |
_2ddc _cBK |
||
| 999 |
_c106859 _d106859 |
||